| 000 | 01346nam a22001937a 4500 | ||
|---|---|---|---|
| 003 | 0 | ||
| 005 | 20241014150210.0 | ||
| 008 | 241014b xxu||||| |||| 00| 0 eng d | ||
| 020 | _a9789811287923 | ||
| 050 |
_aHB 137 _b.Y36 2024 |
||
| 100 |
_aYamane, Linus, _eauthor. |
||
| 245 |
_aStatistics for economists / _cLinus Yamane. |
||
| 260 |
_aSingapore : _bWorld Scientific Publishing Co. Pte. Ltd., _c2024. |
||
| 300 |
_axix, 352 p. : _bcol. ill. ; _c23 cm. |
||
| 504 | _aIncludes index. | ||
| 520 | _a"This first course in statistics is designed for undergraduate students. There are dozens of statistics textbooks in the market. But most of these textbooks are either pitched at a level that is too high or too low for most undergraduate students. Many use calculus and are designed for graduate students in technical fields. Others provide black box formulas without any derivations. This textbook focuses on deriving everything from first principles without using calculus or linear algebra. It is important for students to understand why they are doing what they are doing. Otherwise students cannot distinguish meaningless results from significant results. This textbook gets to the major points quickly and is thus relative short and very accessible"--Provided by publisher. | ||
| 650 |
_aEconomics _vStatistical methods. |
||
| 942 |
_2lcc _cBK |
||
| 999 |
_c366534 _d366534 |
||